Zdeněk Chotěnovský : výběr z malířského díla 1965-1990 : katalog výstavy, Litoměřice 10. 1.-17. 2. 1991 /

Hlavní autor: Chotěnovský, Zdeněk, 1929-1993
Další autoři: Kárník, Josef, Landová, Dagmar, Dolejš, Jiří, 1933-1993
Jazyk: Čeština
Vydáno: Litoměřice : Severočeská galerie, 1991
Témata:
Fyzický popis: [21] s. : il. ; 24 cm + angl. resumé, 1 s.
Knihy
Uloženo v:
LEADER 01423nam a22003492a 4500
001 001534591
003 CZ BrMZK
005 20170322082016.0
007 ta
008 160712s1991 xr er|||||||||||cze d
015 |a cnb000060153 
020 |q (Brož.) 
035 |a (OCoLC)39566916 
040 |a ABA001  |b cze  |d ABA001  |d BOA001 
041 0 |a cze  |b eng 
080 9 |a 75.071.1 Chotěnovský, Z.:061.43(437.1-2 Litoměřice)"1991"(083.81) 
100 1 |a Chotěnovský, Zdeněk,  |d 1929-1993  |7 jn20000728233  |4 art 
245 1 0 |a Zdeněk Chotěnovský :  |b výběr z malířského díla 1965-1990 : katalog výstavy, Litoměřice 10. 1.-17. 2. 1991 /  |c úvod Jiří Dolejš ; fot. Dagmar Landová a Josef Kárník ; graf. úprava Zdeněk Chotěnovský 
260 |a Litoměřice :  |b Severočeská galerie,  |c 1991 
300 |a [21] s. :  |b il. ;  |c 24 cm +  |e angl. resumé, 1 s. 
500 |a Zastoupení ve sbírkách 
500 |a Životopisná data Z. Chotěnovského 
500 |a 400 výt. 
600 1 7 |a Chotěnovský, Zdeněk,  |d 1929-1993  |7 jn20000728233  |2 czenas 
655 7 |a katalogy výstav  |7 fd132536  |2 czenas 
700 1 |a Kárník, Josef  |7 jx20050803020  |4 pht 
700 1 |a Landová, Dagmar  |4 pht 
700 1 |a Dolejš, Jiří,  |d 1933-1993  |7 jn99240000169  |4 wfw 
910 |a BOA001  |b X-0963.323 
990 |a BK 
991 |b 201607 
996 6 |b 2619164457  |c X-0963.323  |l MZK  |r Sklad / do 24 hodin  |n 0  |w 001569483  |u 000010  |a 1  |e BOA001  |j MZK50  |s P